UK Residential Market Survey (Record no. 121667)

MARC details
000 -LEADER
fixed length control field 01330nam a22001817a 4500
008 - FIXED-LENGTH DATA ELEMENTS--GENERAL INFORMATION
fixed length control field 230923e20230908xxk|||||o|||| 00| 0 eng d
041 ## - LANGUAGE CODE
Language code of text/sound track or separate title eng
110 ## - MAIN ENTRY--CORPORATE NAME
Corporate author Royal Institution of Chartered Surveyors
245 ## - TITLE STATEMENT
Title UK Residential Market Survey
Subtitle August 2023
Medium [Electronic resource]
260 ## - PUBLICATION INFORMATION
Place of publication London,
Publisher Royal Institution of Chartered Surveyors,
Date September 2023
300 ## - PHYSICAL DESCRIPTION
Physical description 18p
490 ## - SERIES TITLE
Series statement RICS UK Residential Market Survey
520 ## - ABSTRACT
Abstract The Royal Institution of Chartered Surveyors (RICS) UK Residential Survey for August 2023 shows house prices under pressure in face of high mortgage rates while immense tenant demand creates imbalance in the lettings market. Looking at the data on home buyer demand, a headline net balance of -47% of respondents reported a decline in enquiries over the month. This is broadly in-line with the negative results returned for this metric in each of the previous two reports. Moreover, all parts of the UK continue to see a significant pull-back in demand according to the August results
651 ## - SUBJECT ADDED ENTRY--GEOGRAPHIC NAME
Geographic name United Kingdom
710 ## - ADDED CORPORATE NAME
Added corporate author Royal Institution of Chartered Surveyors
856 ## - ONLINE RESOURCE
Uniform Resource Identifier <a href="https://www.rics.org/content/dam/ricsglobal/documents/market-surveys/uk-residential-market-survey/8._WEB_August_2023_RICS_UK_Residential_Market_Survey_tp.pdf">https://www.rics.org/content/dam/ricsglobal/documents/market-surveys/uk-residential-market-survey/8._WEB_August_2023_RICS_UK_Residential_Market_Survey_tp.pdf</a>
Public note Available free on RICS.org
942 ## - ADDED ENTRY ELEMENTS (KOHA)
Suppress in OPAC Do not suppress in OPAC
Holdings
Lost status Source of classification or shelving scheme Damaged status Not for loan Current library Shelving location Date acquired Total Checkouts Full call number Date last seen Price effective from Koha item type
  Dewey Decimal Classification     Virtual Online 19/09/2023   MARKET DATA 19/09/2023 19/09/2023 Online material